Jung-i shiʻr-i Pārsī /
Disimpan dalam:
| Pengarang-pengarang Lain: | |
|---|---|
| Format: | Buku |
| Bahasa: | Persian |
| Diterbitkan: |
[Mirabeau] :
Institut de recherche et dʾapplication transculturel,
[1362 i.e. 1983 or 1984]
|
| Subjek-subjek: | |
| Penanda-penanda: |
Tambah Penanda
Tiada Penanda, Jadilah orang pertama menanda rekod ini!
|
| LEADER | 00688nam a2200205Ma 4500 | ||
|---|---|---|---|
| 001 | 007262012-9 | ||
| 005 | 20090713011306.0 | ||
| 008 | 890224m19839999fr a 000 0 perod | ||
| 035 | 0 | |a ocm23581267 | |
| 040 | |a EYM |c EYM |d HLS | ||
| 090 | |a PK6436 |b .J8x 1983 | ||
| 245 | 0 | 0 | |a Jung-i shiʻr-i Pārsī / |c gird āvarandah, Parvīz Abū al-Qāsimī. |
| 260 | |a [Mirabeau] : |b Institut de recherche et dʾapplication transculturel, |c [1362 i.e. 1983 or 1984] | ||
| 300 | |a 56 p. : |b ill. ; |c 29 cm. | ||
| 500 | |a Title on added t.p.: Jong sʹere Parsī. | ||
| 505 | 1 | |a "1," No more published ? | |
| 650 | 0 | |a Persian poetry |y 20th century. | |
| 700 | 1 | |a Abolgassemi, Parviz. | |
| 988 | |a 20020608 | ||
| 906 | |0 OCLC | ||


